| 000 | 00000nam##2200000za#4500 |
| 001 | 9.604514 |
| 003 | CaOODSP |
| 005 | 20210624211640 |
| 007 | cr ||||||||||| |
| 008 | 150406|2007||||xxc|||||o f|0| 0 fre|d |
| 040 | |aCaOODSP|bfre |
| 043 | |an-cn--- |
| 086 | 1 |aT41-1/49F-PDF |
| 110 | 1 |aCanada. |bTransports Canada. |
| 245 | 10|aGestion du transport scolaire actif |h[ressource électronique] |
| 260 | |aOttawa - Ontario : |bTransports Canada |cJuillet 2007. |
| 300 | |a9p.|bfigures en couleur, photographies |
| 490 | 1 |aÉtudes de cas sur les transports durables |vDocument de discussion nº 49 |
| 500 | |aEn tête du titre : Programme de démonstration en transport urbain. |
| 590 | |a12-35-Supp|b2012-08-09 |
| 775 | 08|tSchool transportation management |w(CaOODSP)9.574783 |
| 830 | #0|aÉtudes de cas sur les transports durables ;|vDocument de discussion nº 49|w(CaOODSP)9.503247 |
| 856 | 40|ahttp://publications.gc.ca|qPDF|s321 Ko|uhttps://publications.gc.ca/collections/collection_2012/tc/T41-1-49-fra.pdf|yDocument de discussion nº 49 |